[Event "Chigorin Memorial 07th"]
[Site "St Petersburg"]
[Date "1999.11.07"]
[Round "6"]
[White "Kharitonov, Andrei Y"]
[Black "Shaposhnikov, Evgeny"]
[Result "1/2-1/2"]
[WhiteElo "2559"]
[BlackElo "2494"]
[PlyCount "31"]
[EventDate "1999.11.02"]
[EventType "swiss"]
[EventRounds "9"]
[EventCountry "RUS"]
[SourceTitle "CBM 074"]
[Source "ChessBase"]
[SourceDate "2000.02.01"]
[SourceVersion "1"]
[SourceVersionDate "2000.02.01"]
[SourceQuality "1"]

1. d4 Nf6 2. Nf3 e6 3. c4 b6 4. e3 Bb7 5. Bd3 Be7 6. Nc3 d5 7. 0-0 0-0 8. b3 c5 9. Bb2 Nc6 10. cxd5 Nxd5 11. dxc5 Nxc3 12. Bxc3 Bxc5 13. Qb1 h6 14. a3 Ne7 15. Rd1 Nd5 16. Bb2 1/2-1/2

[Event "MK Cafe Cup-A"]
[Site "Koszalin"]
[Date "1999.08.12"]
[Round "9"]
[White "Kharitonov, Andrei Y"]
[Black "Epishin, Vladimir"]
[Result "1/2-1/2"]
[WhiteElo "2559"]
[BlackElo "2657"]
[PlyCount "25"]
[EventDate "1999.08.03"]
[EventType "swiss"]
[EventRounds "9"]
[EventCountry "POL"]
[SourceTitle "CBM 073"]
[Source "ChessBase"]
[SourceDate "1999.12.01"]
[SourceVersion "1"]
[SourceVersionDate "1999.12.01"]
[SourceQuality "1"]

1. d4 Nf6 2. Nf3 e6 3. g3 b5 4. Bg2 Be7 5. 0-0 0-0 6. c3 d5 7. a4 b4 8. cxb4 Bxb4 9. Bd2 c5 10. Bxb4 cxb4 11. Nbd2 Nbd7 12. e3 a5 13. Qb3 1/2-1/2

[Event "MK Cafe Cup-A"]
[Site "Koszalin"]
[Date "1999.08.10"]
[Round "7"]
[White "Kharitonov, Andrei Y"]
[Black "Brodsky, Michail"]
[Result "1/2-1/2"]
[WhiteElo "2559"]
[BlackElo "2512"]
[PlyCount "48"]
[EventDate "1999.08.03"]
[EventType "swiss"]
[EventRounds "9"]
[EventCountry "POL"]
[SourceTitle "CBM 073"]
[Source "ChessBase"]
[SourceDate "1999.12.01"]
[SourceVersion "1"]
[SourceVersionDate "1999.12.01"]
[SourceQuality "1"]

1. d4 Nf6 2. c4 e6 3. Nf3 Nc6 4. a3 d6 5. Nc3 g6 6. d5 Nb8 7. e4 Bg7 8. Be2 0-0 9. 0-0 Re8 10. dxe6 Bxe6 11. Nd4 Bd7 12. f3 Nc6 13. Be3 Nh5 14. Nd5 f5 15. Nb5 f4 16. Nxf4 Nxf4 17. Bxf4 Bxb2 18. Rb1 Bg7 19. Qd2 Be6 20. Kh1 b6 21. Be3 Qd7 22. Rbc1 a6 23. Nd4 Nxd4 24. Bxd4 Bxd4 1/2-1/2